| 000 | 00606nam a2200229Ia 4500 | ||
|---|---|---|---|
| 003 | IN-BaIIA | ||
| 008 | 211028s9999 xx 000 0 eng d | ||
| 020 | _a978-0-12-384656-3 | ||
| 040 | _cIIA Library | ||
| 080 |
_a533.9 _bMCC |
||
| 100 |
_aMcCracken, Garry _935640 |
||
| 245 | 0 |
_aFusion _bthe energy of the universe _cGarry McCracken and Peter Stott |
|
| 250 | _a2nd ed. | ||
| 260 |
_aU.S.A _bAcademic Press _c2013 |
||
| 300 | _axx, 228p. | ||
| 650 |
_aEnergy _91942 |
||
| 650 |
_aNuclear Fusion _914733 |
||
| 650 | _aStars | ||
| 650 |
_aSun _91200 |
||
| 700 |
_aStott, Peter _935641 |
||
| 942 | _cBK | ||
| 999 |
_c18568 _d18568 |
||